Statistics for General Knowledge #4

Click here to take the quiz!

General Stats

  • This quiz has been taken 36 times
  • The average score is 15 of 25

Answer Stats

QuestionAnswer% Correct
What is the highest number used in a sudoku puzzle?9
94%
What colour is found on 75% of the world's flags?Red
94%
What is the name of the winged horse in Greek mythology?Pegasus
90%
What meat is used in a shepherd's pie?Lamb
84%
From which country does Gouda cheese originate?Netherlands
84%
Franz Josef Strauss Airport is located in which country?Germany
81%
What country touches the Indian Ocean, the Arabian Sea, and the Bay of Bengal?India
81%
In what sport would you use a shuttlecock?Badminton
71%
Which country is the world's largest producer of cheese?United States of America
71%
What is the rarest M&M color?Brown
68%
In the zodiac, which animal is linked with Capricorn?Sea Goat
68%
From which country does vehicle manufacturer SsangYong originate?South Korea
61%
In what franchise would you find the character Katniss Everdeen?The Hunger Games
61%
What does the Latin word 'tempus' mean in English?Time
61%
What nut is in the middle of a Ferrero Rocher?Hazelnut
55%
Bon Scott is best known as the singer for which rock band?AC/DC
48%
What fruit takes the scientific name Mangifera Indica?Mango
48%
What’s the national flower of Japan?Cherry Blossom (Sakura)
45%
Who played Del Boy Trotter in "Only Fools and Horses"?David Jason
39%
Who played Cruella de Vil in the 2021 live-action film about the 101 Dalmatians villain?Emma Stone
35%
Which is the only American Football team to go a whole season undefeated, including the Super Bowl?Miami Dolphins
32%
How many elements are in the Periodic Table?118
29%
Randall Flagg and John Coffey are all characters created by which author?Stephen King
26%
How is 99 represented in Roman numerals?XCIX
23%
What company was originally called "Cadabra"?Amazon
19%

Score Distribution

Percentile by Number Answered

Percent of People with Each Score

Your Score History

You have not taken this quiz